000 00881nam a22002417a 4500
003 OSt
005 20251203122909.0
008 251203b |||||||| |||| 00| 0 eng d
020 _a9789710649785
040 _aDWCL - Main
_cOC
082 _aRes. 899.211 B163p 2022
100 _aBaisa-Julian, Ailene G.
_eAuthor
245 _aPinagyamang pluma 9 :
_bwika at panitikan para sa mataas na paaralan : aklat 1 /
_cAilene G. Baisa-Julian [and two others]
250 _a3rd edition
260 _aQuezon City, Philippines:
_bPhoenix Publishing House,
_cc2022
300 _axi, 416 pages:
_billustration;
_c25 cm.
504 _aIncludes bibliographical references and index
650 _a1. Filipino -- study and teaching.
650 _a2. Noli Me tangere.
700 _aI. Del Rosario, Mary Grace G.
_eAuthor
700 _aII. Dayag, Alma M.
_eAuthor
942 _2ddc
_cBK-0 CIRC
_n0
999 _c6761
_d6761